01060nam a2200205 a 450000100100000000500170001000800410002702000180006804000250008610000340011124500940014526000510023930000360029050002250032650400340055159000360058595201050062195201110072699900170083700004026920201002034025.0130821s2013 xxuac 000 0 spa d a9781463710989 aDO-SdBNPbspacBNPHU1 aSloan Toraño, Randle96654210aLabradores y desbandados 1898 :bcrónicas del Caribe Colonial /cRandle Sloan Toraño. aEstados Unidos de América :b[s.n.].,c2013. a234 p. :bil., retrs. ;c24 cm. aCrónicas de un emigrante español en Puerto Rico, un cabo rayadillo de la última década del siglo XIX, dedicándose al cultivo del café a agricultura, su fe cristiana, el amor a la tierra y a su familia criolla aBibliografía : p. 225 - 233 aAtográfiado en la anteportada 001050718MOaGRbGRcCTd2013-08-21iLF1l0o p40269-10r2020-06-25w2020-06-25y1ZNo se presta 001050718MOaGRbGRcCTd2013-08-21iLF1l0o p40269-20r2020-06-25te. 2w2020-06-25y1ZNo se presta c39759d39759